000 01055nam a22002057a 4500
003 OSt
005 20161114095813.0
008 140214b2016 slv spa
040 _cBMC
082 _a425.07
100 1 _940331
_aJacobo Martínez, José Armando
245 1 0 _aDigital interactive activities en Colegio Monte Carmelo, hermanas Bethlemitas Ahuachapán, El Salvador
_b: proyecto
_cJosé Armando Jacobo Martínez, Douglas Eduardo Rivera Barillas, Giovanni Alexander Mazariego Linares
260 _aSanta Ana (El Salvador)
_bUniversidad Católica de El Salvador
_c2016
300 _a1 folleto (18 p.)
_bil. col
_c27 cm
_e+ 1 disco compacto
500 _aPrecede al tít.: Universidad Católica de El Salvador, Facultad de Ciencias y Humanidades
502 _aPara optar al grado académico de Licenciatura en Ciencias de la Educación con Especialidad en Idioma Inglés
650 2 4 _917614
_aLengua inglesa
_xGramática
_xEnseñanza
710 2 _91075
_aUniversidad Católica de El Salvador
_bFacultad de Ciencias y Humanidades
942 _2ddc
_cTG
999 _c26532
_d26532